Petit Bac (Géographie) - Lettre O - Statistiques

Statistiques générales
  • Ce quiz a été pris 585 fois
  • Le résultat moyen est 7 sur 12
Statistiques - réponses
Thèmes Mots commençant par O % Correct
Pays Oman / Ouganda / Ouzbékistan
99%
Capitale Oslo / Ottawa / Ouagadougou / Oulan-Bator
87%
États des États-Unis Ohio / Oklahoma / Oregon
85%
Département français Orne / Oise
73%
Ville des Etats-Unis de plus de 200 000 habitants Orlando / Oakland / Omaha / Oklahoma City
67%
Région française Occitanie
63%
Préfecture Orléans
62%
Îles françaises Ouessant / Oléron / Ozac'h / Ouanne / Ouao / Oupe +14
58%
Ville du Royaume Uni de plus de 50 000 habitants Oxford / Oldham / Oldbury
49%
Province du Canada Ontario
47%
Sommet européen de plus de 1 500 mètres Mont Olympe / Mont Ossa
9%
Ville allemande de plus de 50 000 habitants Oberhausen / Osnabrück / Oldenbourg / Offenbach-sur-le-Main
9%
Aucun quiz correspondant
Distribution des résultats
% des personnes avec chaque résultat
Percentile par nombre de réponses
Votre historique - résultats
Vous n’avez pas pris ce quiz